<?xml version="1.0" encoding="UTF-8"?>
<collection xmlns="http://www.loc.gov/MARC21/slim">
 <record>
  <leader>01204pamaa2200277   4500</leader>
  <controlfield tag="001">0000042857</controlfield>
  <controlfield tag="005">20121212090000.0</controlfield>
  <controlfield tag="008">071025                             eng  </controlfield>
  <datafield tag="020" ind1="0" ind2="0">
   <subfield code="a">0470019239 </subfield>
  </datafield>
  <datafield tag="090" ind1="0" ind2="0">
   <subfield code="a">QR245 </subfield>
   <subfield code="b">MED 2007</subfield>
  </datafield>
  <datafield tag="245" ind1="1" ind2="0">
   <subfield code="a">Medical mycology : </subfield>
   <subfield code="b">cellular and molecular techniques  </subfield>
   <subfield code="c">edited by Kevin Kavanagh.</subfield>
  </datafield>
  <datafield tag="260" ind1="0" ind2="0">
   <subfield code="a">Chichester, England: </subfield>
   <subfield code="b">Hoboken, NJ: </subfield>
   <subfield code="b">Wiley,, </subfield>
   <subfield code="c">2007.</subfield>
  </datafield>
  <datafield tag="300" ind1=" " ind2=" ">
   <subfield code="a">xvii, 330 p.: </subfield>
   <subfield code="b">ill.; </subfield>
   <subfield code="c">25 cm..</subfield>
  </datafield>
  <datafield tag="501" ind1="0" ind2="0">
   <subfield code="a">SAH</subfield>
  </datafield>
  <datafield tag="504" ind1="0" ind2="0">
   <subfield code="a">Includes bibliographical references and index</subfield>
  </datafield>
  <datafield tag="650" ind1="0" ind2="0">
   <subfield code="a">Medical mycology -- </subfield>
   <subfield code="x">Laboratory manuals. </subfield>
  </datafield>
  <datafield tag="650" ind1="0" ind2="0">
   <subfield code="a">Mycoses -- </subfield>
   <subfield code="x">Molecular aspects -- </subfield>
   <subfield code="x">Laboratory manuals. </subfield>
  </datafield>
  <datafield tag="650" ind1="0" ind2="0">
   <subfield code="a">Candidiasis -- </subfield>
   <subfield code="x">diagnosis -- </subfield>
   <subfield code="x">Laboratory Manuals. </subfield>
  </datafield>
  <datafield tag="650" ind1="0" ind2="0">
   <subfield code="a">Candidiasis -- </subfield>
   <subfield code="x">immunology -- </subfield>
   <subfield code="x">Laboratory Manuals. </subfield>
  </datafield>
  <datafield tag="650" ind1="0" ind2="0">
   <subfield code="a">Antibodies, Monoclonal -- </subfield>
   <subfield code="x">diagnostic use -- </subfield>
   <subfield code="x">Laboratory Manuals. </subfield>
  </datafield>
  <datafield tag="650" ind1="0" ind2="0">
   <subfield code="a">Clinical Protocols -- </subfield>
   <subfield code="x">Laboratory Manuals. </subfield>
  </datafield>
  <datafield tag="650" ind1="0" ind2="0">
   <subfield code="a">Immunohistochemistry -- </subfield>
   <subfield code="x">methods -- </subfield>
   <subfield code="x">Laboratory Manuals. </subfield>
  </datafield>
  <datafield tag="650" ind1="0" ind2="0">
   <subfield code="a">Immunologic Factors -- </subfield>
   <subfield code="x">diagnostic use -- </subfield>
   <subfield code="x">Laboratory Manuals. </subfield>
  </datafield>
  <datafield tag="650" ind1="0" ind2="0">
   <subfield code="a">Mycology -- </subfield>
   <subfield code="x">methods -- </subfield>
   <subfield code="x">Laboratory Manuals. </subfield>
  </datafield>
  <datafield tag="700" ind1="1" ind2="1">
   <subfield code="a">Kavanagh, </subfield>
   <subfield code="h">Kevin. </subfield>
  </datafield>
  <datafield tag="901" ind1=" " ind2=" ">
   <subfield code="u">http://www.wiley.com</subfield>
  </datafield>
 </record>
</collection>
